Statistics for Most Populous Island Countries

Click here to take the quiz!

General Stats

  • This quiz has been taken 77 times
    (24 since last reset)
  • The average score is 11 of 14

Answer Stats

Pop.Answer% Correct
258,316,051Indonesia
95%
102,624,209Philippines
95%
126,702,233Japan
90%
64,430,428United Kingdom
90%
11,239,004Cuba
85%
4,757,976Ireland
85%
22,434,363Madagascar
85%
21,203,100Sri Lanka
85%
4,787,110New Zealand
80%
8,151,300Papua New Guinea
75%
11,078,033Haiti
70%
10,075,045Dominican Republic
65%
23,545,680Taiwan
65%
5,607,300Singapore
60%

Score Distribution

Percentile by Number Answered

Percent of People with Each Score

Your Score History

You have not taken this quiz since the last reset